Statistics for Cartoon Network Shows

Click here to take the quiz!

General Stats

  • This quiz has been taken 418 times
  • The average score is 8 of 20

Answer Stats

HintAnswer% Correct
Dee Dee/Mandark/Major GloryDexter's Laboratory
88%
Professor Utonium/Ms. Bellum/Mojo JojoPowerpuff Girls
87%
Grim Reaper/Irwin/MindyGrim Adventures of Billy and Mandy
58%
Eduardo/Bloo/CocoFoster's Home for Imaginary Friends
58%
Eustace/Muriel/Le QuackCourage the Cowardly Dog
54%
Aku/Scotsman/EmperorSamurai Jack
50%
Gwen/Max/VilgaxBen 10
48%
Cap'n K'nuckles/Bubbie/Peppermint LarryThe Marvelous Misadventures of Flapjack
46%
Truffles/Shnitzel/PaniniChowder
44%
Nigel Uno/Abigail Lincoln/ToiletnatorCodename: Kids Next Door
43%
Raj/Scoutmaster Lumpus/PatsyCamp Lazlo
41%
The Red Guy/Flem/EarlCow and Chicken
30%
Carl/Pops/Little SuzyJohnny Bravo
28%
Adam/Lupe/Principal PixiefrogMy Gym Partner's a Monkey
25%
Zorak/Space Ghost/BrakSpace Ghost Coast to Coast
22%
Sunny/Lil D/MadisonClass of 3000
7%
Andy/Rodney/KyleSquirrel Boy
7%
Kaz/Jengo/TekiHi Hi Puffy AmiYumi
6%
Otto/Buck/LarryTime Squad
6%
Ray Ray/Monroe/JodyThe Life and Times of Juniper Lee
5%

Score Distribution

Percentile by Number Answered

Percent of People with Each Score

Your Score History

You have not taken this quiz